Ambiguous ethnicity : interracial families in London /

Bibliographic Details
Main Author: Benson, Susan, 1948-
Format: Book
Language:English
Published: Cambridge ; New York : Cambridge University Press, 1981.
Series:Changing cultures.
Subjects:

MARC

Tag First Indicator Second Indicator Subfields
LEADER 00000cam a2200000 a 4500
001 in00000077174
005 20151008060549.0
008 810422s1981 enkab b 00110 eng
010 |a  81006172  
020 |a 0521230179 
020 |a 0521297699 (pbk.) 
035 |a (OCoLC)07552220 
035 |9 AAJ6040AM 
039 0 |a 2  |b 3  |c 3  |d 3  |e 3 
040 |a DLC  |c DLC  |d TXA  |d UtOrBLW 
043 |a e-uk-en 
049 |a TXAM  |c [388001] 
050 0 0 |a HQ616  |b .B46 
082 0 |a 306.8  |2 19 
100 1 |a Benson, Susan,  |d 1948- 
245 1 0 |a Ambiguous ethnicity :  |b interracial families in London /  |c Susan Benson. 
264 1 |a Cambridge ;  |a New York :  |b Cambridge University Press,  |c 1981. 
300 |a ix, 172 pages :  |b illustrations, maps ;  |c 22 cm. 
336 |a text  |b txt  |2 rdacontent 
337 |a unmediated  |b n  |2 rdamedia 
338 |a volume  |b nc  |2 rdacarrier 
490 1 |a Changing cultures 
500 |a Includes index. 
504 |a Bibliography: pages 158-168. 
650 0 |a Families  |z England  |z London  |x Case studies. 
650 0 |a Interracial marriage  |z England  |z London  |x Case studies. 
650 0 |a Ethnicity  |z England  |z London  |x Case studies. 
830 0 |a Changing cultures. 
999 |a MARS 
999 f f |s de6ddf0a-5e53-3969-896d-e3945d1a33a2  |i 23701c7b-ef93-351c-97bb-7c756ef4a5b3  |t 0 
952 f f |p ric  |a Texas A&M University  |b Rellis Campus  |c Joint Library Facility  |d Remote Storage  |t 0  |e HQ616 .B46  |h Library of Congress classification  |i unmediated -- volume  |m A14806142019 
998 f f |a HQ616 .B46  |t 0  |l Remote Storage